| 000 | 00576nam a22001937a 4500 | ||
|---|---|---|---|
| 999 |
_c526698 _d526698 |
||
| 003 | NUST | ||
| 005 | 20190715073402.0 | ||
| 008 | 190715b ||||| |||| 00| 0 eng d | ||
| 038 | _aFaiza | ||
| 082 |
_a891.491 _bMUS |
||
| 100 |
_aGhulam Mustafa Bismal _916234 |
||
| 245 |
_aM.A Punjabi Master Guide / _cGhulam Mustafa Bismal |
||
| 260 |
_aLahore: _bNew Book Palace , _cN.D |
||
| 300 | _a1271p. ; | ||
| 500 | _aPaper Cover | ||
| 880 |
_6100-01\r _aغلام مصطفیٰ بسمل |
||
| 880 |
_6245-02\r _a/ایم اے پنجابی ماسٹر گائیڈ |
||
| 942 |
_2ddc _cBK |
||